00725nam a2200241Ia 450000100060000000300090000600800410001504000130005604000130006904100120008210000220009410000290011624500400014524500240018525000110020926000140022026000310023426000490026530000570031450000580037165000230042965000310045233845IT-RoPAU130308s9999 xx 000 0 und d aIT-RoPAU cIT-RoPAU aINGLESE aHolme Christopher gCodice Aut. SPICS: 14940 aRadio Drama of Louis Macneice (The) bBritish Radio Drama a1a ed. aCAMBRIDGE bCambridge University Press c1981 [1° Ed.:1981 - Ed.Ling.Originale:1981] a"35 p. (prefazione: no ; testo: 35 [pagine: 37-71])" aRadiodrammi di Louis Macneice Tabella dei Radiodrammi aGENERI RADIOFONICI eCodice materia Spics: 6910